000 00430pab a2200169 454500
008 180718b2009 xxu||||| |||| 00| 0 eng d
100 _aKrishna Iyer, V.R.
245 _aNew focus - dynamic paradigm - and new accountability for Parliamentary polls
260 _c2009
300 _ap.4-6.
362 _a21 Mar
650 _aElections - India
650 _aElections
773 _aMainstream
908 _aN
909 _a81799
999 _c81799
_d81799